000 00461nam a2200181Ia 4500
003 GCL
008 140319s9999 xx 000 0 eng d
040 _aGCL /
_cGCL
082 0 4 _a305.23
_bK A
100 1 _aKIMMEL, DOUGLAS
245 1 0 _aADOLESCENCE: A DEVELOPMENTAL TRANSITION /
_cKIMMEL, DOUGLAS
260 _a[S.N] :
_bJOHN WILEN
300 _a620\P
650 0 4 _aADOLESCENCE
650 0 4 _aADOLESCENT PSYCHOLOGY
650 0 4 _aPUBERTY
942 _2ddc
_cBK
999 _c11271
_d11271